Estadísticas para Las 35 canciones más famosas de Abraham Mateo.

Haz click aquí para intentar la prueba.

Estadísticas generales

  • Esta prueba ha sido intentada 14 veces
  • La puntuación promedio es 7 de 35

Estadísticas de respuestas

TopCanción% Correcto
3Señorita
90%
8Quiero Decirte
50%
1Loco Enamorado
40%
23Maníaca
40%
24Old School
40%
2Se Acabó El Amor
40%
31Aunque Estés Con Él
30%
4Me Vuelvo Loco
30%
14No Encuentro Palabras
30%
12All The Girls
20%
28Bora Bora
20%
6Girlfriend
20%
7Háblame Bajito
20%
34Me Encantaría
20%
15Mi Vecina
20%
5¿Que Ha Pasao?
20%
32Repetíamos
20%
16Sanga Zoo
20%
9Without You
20%
33Así Es Tu Amor
10%
27Blanco y Negro
10%
18Lanzalo
10%
21Mellow Yellow
10%
10Mueve
10%
19Ni Te Imaginas
10%
13Tiempo Pa Olvidar
10%
11Todo Terminó
10%
17When You Love Somebody
10%
35¿Y Cómo Es Él?
10%
20A Cámara Lenta
0%
25Another Heartbreack
0%
29Are You Ready?
0%
30Que Hago Yo
0%
22Te Voy A Amar
0%
26Yo No Me Doy Por Vencido
0%

Distribución de puntuación

Porcentaje por número respondido

Porcentaje de gente con cada puntuación

Historial de tus puntuaciones

No has intentado esta prueba.